| 000 -CABECERA |
| Longitud fija campo de control |
00835nam a2200241 a 4500 |
| 001 - NÚMERO DE CONTROL |
| Número de control |
2467 |
| 003 - IDENTIFICADOR DEL NÚMERO DE CONTROL |
| Identificador del número de control |
CDMR |
| 005 - FECHA Y HORA DE LA ÚLTIMA TRANSACCIÓN |
| Fecha y hora de la última transacción |
20131018111446.0 |
| 008 - CÓDIGOS DE INFORMACIÓN DE LONGITUD FIJA |
| Códigos de información de longitud fija |
130130s1968||||||||||||||||||||||||||||d |
| 040 ## - FUENTE DE LA CATALOGACIÓN |
| Centro catalogador de origen |
CDMR |
| Lengua de catalogación |
cat |
| Centro transcriptor |
CDMR |
| 100 1# - PUNTO DE ACCESO PRINCIPAL-NOMBRE DE PERSONA |
| Nombre de persona |
Lafleur, Héctor René |
| 9 (RLIN) |
1848 |
| 245 14 - MENCIÓN DE TÍTULO |
| Título |
Las revistas literarias argentinas, 1893-1967 |
| Mención de responsabilidad, etc. |
Héctor René Lafleur, Sergio D. Provenzano, Fernando P. Alonso |
| 250 ## - MENCIÓN DE EDICIÓN |
| Mención de edición |
Ed. rev. i aum. |
| 260 ## - PUBLICACIÓN, DISTRIBUCIÓN, ETC. (PIE DE IMPRENTA) |
| Lugar de publicación, distribución, etc. |
Buenos Aires |
| Fecha de publicación, distribución, etc. |
1968 |
| Nombre del editor, distribuidor, etc. |
Centro Editor de America Latina |
| 300 ## - DESCRIPCIÓN FÍSICA |
| Extensión |
351 p. |
| 490 0# - MENCIÓN DE SERIE |
| Mención de serie |
Biblioteca de Literatura. |
| -- |
Literatura Argentina. |
| -- |
Obras de referencia |
| 650 03 - PUNTO DE ACCESO ADICIONAL DE MATERIA - TÉRMINO DE MATERIA |
| 9 (RLIN) |
3744 |
| Término de materia o nombre geográfico como elemento inicial |
Premsa |
| Subdivisión geográfica |
Argentina |
| 650 03 - PUNTO DE ACCESO ADICIONAL DE MATERIA - TÉRMINO DE MATERIA |
| 9 (RLIN) |
3088 |
| Término de materia o nombre geográfico como elemento inicial |
Periodisme i literatura |
| 650 03 - PUNTO DE ACCESO ADICIONAL DE MATERIA - TÉRMINO DE MATERIA |
| 9 (RLIN) |
4132 |
| Término de materia o nombre geográfico como elemento inicial |
Revistes |
| Subdivisión de materia general |
Bibliografia |
| -- |
Catàlegs |
| 700 1# - PUNTO DE ACCESO ADICIONAL - NOMBRE DE PERSONA |
| 9 (RLIN) |
4079 |
| Nombre de persona |
Provenzano, Sergio D. |
| 700 1# - PUNTO DE ACCESO ADICIONAL - NOMBRE DE PERSONA |
| 9 (RLIN) |
4080 |
| Nombre de persona |
Alonso, Fernando P. |
| 942 ## - ENTRADA DE ELEMENTOS AGREGADOS (KOHA) |
| Koha [por defecto] tipo de item |
Monografies |
| Fuente de clasificaión o esquema |
|